000 00883nam a2200205Ia 4500
003 OSt
005 20241009154532.0
007 ca aa aaaaa
008 201103s9999 xx 000 0 und d
040 _cSSBUL
041 _abur
082 _223
_a၂၉၄.၃၄၃၅၀၉ ကုဏ်
_b၉၂၄၆ (၁) S-SAT
100 0 _aကုဏ္ဍလ၊ ဘဒ္ဒန္တ
245 1 0 _aရွှေဂူနီမြတ်စွာဘုရားသမိုင်း /
_cဘဒ္ဒန္တကုဏ္ဍလ။
260 _aရန်ကုန် ၊
_bဝင်းမြင့်အောင်စာပေ၊
_c၁၉၉၉။
300 _a၇၉ စာမျက်နှာ ၊
_c၁၈ စင်တီ။
500 _aS-SAT: Dr. Sai Aung Tun
650 _aရွှေဂူနီမြတ်စွာဘုရား
_vသမိုင်း
_954984
942 _2ddc
_cBK1
999 _c16825
_d16825